000
00328nam a22001337a 4500
008
180124b xxu||||| |||| 00| 0 eng d
020
_a
9781609301606
041
_a
eng
080
_a
336.2
100
_a
55
101
_a
tax
245
_a
pension and emloyee benefit statutes and regulation
_c
pratt.d.a
942
_2
udc
_c
BK
999
_c
40819
_d
40819